Loading...
Science - Biology | 0 | 6 | 0 | 2 | 60 | 58 | 74.83 | 0 | 0 |
Mythology | 0 | 5 | 0 | 1 | 50 | 58 | 84.80 | 0 | 1 |
History - American History | 0 | 5 | 0 | 2 | 50 | 17 | 54.20 | 0 | 3 |
History - World History | 0 | 5 | 0 | 0 | 50 | 40 | 70.40 | 1 | 2 |
Religion | 0 | 4 | 0 | 0 | 40 | 55 | 75.50 | 0 | 3 |
Literature - American Literature | 0 | 3 | 1 | 0 | 25 | 98 | 110.00 | 0 | 0 |
Literature - World Literature | 0 | 2 | 0 | 0 | 20 | 74 | 87.00 | 0 | 1 |
Painting/Sculpture | 0 | 2 | 0 | 0 | 20 | 107 | 111.00 | 0 | 1 |
History - Other History | 0 | 2 | 0 | 1 | 20 | 58 | 81.00 | 0 | 0 |
Science - Physics | 0 | 1 | 0 | 0 | 10 | 101 | 101.00 | 0 | 0 |
Fine Arts - Other Fine Arts | 0 | 1 | 0 | 0 | 10 | 72 | 72.00 | 0 | 0 |
Literature - European Literature | 0 | 1 | 0 | 0 | 10 | 122 | 122.00 | 0 | 0 |
Pop Culture | 0 | 1 | 0 | 0 | 10 | 95 | 95.00 | 0 | 0 |
Science - Other Science | 0 | 1 | 0 | 1 | 10 | 97 | 97.00 | 0 | 0 |
Current Events | 0 | 1 | 0 | 1 | 10 | 109 | 109.00 | 0 | 0 |
Geography | 0 | 1 | 1 | 1 | 5 | 77 | 77.00 | 0 | 1 |
Science - Chemistry | 0 | 1 | 1 | 0 | 5 | 80 | 80.00 | 0 | 0 |